000 00558nam a2200205Ia 4500
005 20260429112000.0
008 260429s9999||||xx |||||||||||||| ||und||
020 _a9798886131246
041 _aEnglish
082 _a621.366
_bAN
100 _aAn, Kyungwon
245 0 _aFundamentals of laser physics /
_cKyungwon An
260 _aSingapore :
_bWorld Scientific Publishing,
_c2025.
300 _axv, 305 p.; pbk
650 _a Laser engineering
650 _a Laser physics
650 _a Optical engineering
650 _aEngineering
942 _cTB
999 _c51738
_d51738